[Event "Olympiad-42"]
[Site "Baku"]
[Date "2016.09.05"]
[Round "4.4"]
[White "Emuakpeje, Ochuko"]
[Black "Wilson, Brandon"]
[Result "0-1"]
[WhiteElo "2272"]
[BlackElo "2074"]
[PlyCount "66"]
[EventDate "2016.09.02"]
[EventType "team-swiss"]
[EventRounds "11"]
[EventCountry "AZE"]
[SourceTitle "CBM 175"]
[Source "ChessBase"]
[SourceDate "2016.11.10"]
[SourceVersion "1"]
[SourceVersionDate "2016.11.10"]
[SourceQuality "1"]
[WhiteTeam "Nigeria"]
[BlackTeam "Jamaica"]
[WhiteTeamCountry "NGR"]
[BlackTeamCountry "JAM"]

1. d4 Nf6 2. c4 c5 3. d5 b5 4. cxb5 a6 5. e3 g6 6. Nc3 d6 7. a4 Bg7 8. Nf3 0-0 9. Ra3 Bb7 10. Bc4 axb5 11. Bxb5 Na6 12. 0-0 Nc7 13. Bc4 e6 14. e4 Nxe4 15. Nxe4 exd5 16. Bg5 Qd7 17. Nf6+ Bxf6 18. Bxf6 dxc4 19. Re1 Nd5 20. Bg5 Rfe8 21. Rxe8+ Qxe8 22. Bh6 Qe4 23. h3 Bc6 24. a5 Rb8 25. a6 Rxb2 26. a7 Ba8 27. Re3 Nxe3 28. Qxd6 Rb1+ 29. Kh2 Nf1+ 30. Kg1 Nd2+ 31. Kh2 Nxf3+ 32. gxf3 Rh1+ 33. Kxh1 Qxf3+ 0-1

[Event "Olympiad-42"]
[Site "Baku"]
[Date "2016.09.04"]
[Round "3.4"]
[White "Wilson, Brandon"]
[Black "Diermair, Andreas"]
[Result "0-1"]
[WhiteElo "2074"]
[BlackElo "2478"]
[PlyCount "82"]
[EventDate "2016.09.02"]
[EventType "team-swiss"]
[EventRounds "11"]
[EventCountry "AZE"]
[SourceTitle "CBM 175"]
[Source "ChessBase"]
[SourceDate "2016.11.10"]
[SourceVersion "1"]
[SourceVersionDate "2016.11.10"]
[SourceQuality "1"]
[WhiteTeam "Jamaica"]
[BlackTeam "Austria"]
[WhiteTeamCountry "JAM"]
[BlackTeamCountry "AUT"]

1. e4 e5 2. Nf3 Nc6 3. Bb5 a6 4. Ba4 Nf6 5. Qe2 b5 6. Bb3 Be7 7. c3 0-0 8. d4 d6 9. d5 Na5 10. Bc2 c6 11. dxc6 Qc7 12. Bg5 Nc4 13. a4 Be6 14. b3 Na5 15. Nfd2 Qxc6 16. axb5 axb5 17. 0-0 h6 18. Bh4 Rfc8 19. f4 exf4 20. Bf2 Ng4 21. Bd4 Ne3 22. Bxe3 fxe3 23. Qxe3 Nc4 24. Nxc4 Rxa1 25. Nb6 Qc5 26. Qxc5 Rxc5 27. Nd5 Bxd5 28. exd5 Rxd5 29. Be4 Re5 30. Bf3 Bd8 31. c4 Bb6+ 32. Kh1 bxc4 33. bxc4 Bf2 34. g4 Re1 35. Kg2 Rxf1 36. Kxf1 Bc5 37. Be4 Bb4 38. h4 Ra2 39. h5 Rb2 40. Bf5 Kf8 41. Be4 Ke7 0-1

[Event "JAM-ch"]
[Site "Kingston"]
[Date "2015.01.18"]
[Round "2"]
[White "Wilson, Brandon"]
[Black "Smith, Shreyas"]
[Result "0-1"]
[WhiteElo "2099"]
[BlackElo "2086"]
[PlyCount "104"]
[EventDate "2015.01.17"]
[EventType "tourn"]
[EventRounds "11"]
[EventCountry "JAM"]
[SourceTitle "CBM 164 Extra"]
[Source "ChessBase"]
[SourceDate "2015.03.02"]
[SourceVersion "1"]
[SourceVersionDate "2015.03.02"]
[SourceQuality "1"]

1. e4 c5 2. Nc3 e6 3. f4 d5 4. exd5 exd5 5. Bb5+ Nc6 6. Qe2+ Be7 7. Bxc6+ bxc6 8. Nf3 Nf6 9. b3 0-0 10. 0-0 Re8 11. Ne5 Qc7 12. Ba3 Nd7 13. Rae1 Bf6 14. Qh5 g6 15. Qh6 Bg7 16. Nxd7 Rxe1 17. Nf6+ Bxf6 18. Rxe1 Bd4+ 19. Kh1 Bf5 20. Na4 Bxc2 21. Bxc5 Bf6 22. Bf2 Qa5 23. f5 Bxf5 24. Rc1 Re8 25. Bc5 Qa6 26. Qf4 Qe2 27. Qf2 a6 28. Nc3 Qxf2 29. Bxf2 Bg5 30. Re1 Rb8 31. Be3 Re8 32. Bf2 Rb8 33. Be3 Bf6 34. Bf4 Rd8 35. Bc7 Rd7 36. Re8+ Kg7 37. Bg3 Re7 38. Rxe7 Bxe7 39. d4 Bb4 40. Na4 Bb1 41. Nc5 Bxc5 42. dxc5 Bxa2 43. b4 Kf6 44. Kg1 Kf5 45. Be1 Ke4 46. Kf2 Kd3 47. Kf3 d4 48. g3 Bd5+ 49. Kf2 f5 50. h3 Kc2 51. h4 Kd1 52. Kf1 d3 0-1

[Event "Olympiad-41"]
[Site "Tromsoe"]
[Date "2014.08.04"]
[Round "3.4"]
[White "Wilson, Brandon"]
[Black "Kabilov, Amin"]
[Result "1-0"]
[WhiteElo "2090"]
[BlackElo "2181"]
[PlyCount "132"]
[EventDate "2014.08.02"]
[EventType "team-swiss"]
[EventRounds "11"]
[EventCountry "NOR"]
[SourceTitle "CBM 162"]
[Source "ChessBase"]
[SourceDate "2014.09.17"]
[SourceVersion "1"]
[SourceVersionDate "2014.09.17"]
[SourceQuality "1"]
[WhiteTeam "Jamaica"]
[BlackTeam "Tajikistan"]
[WhiteTeamCountry "JAM"]
[BlackTeamCountry "TJK"]

1. e4 d6 2. Bc4 Nf6 3. d3 g6 4. Nc3 Bg7 5. f4 c6 6. Bb3 d5 7. e5 Nfd7 8. d4 e6 9. Be3 b6 10. Nf3 Bb7 11. Ne2 c5 12. c3 Nc6 13. 0-0 Ba6 14. Bc2 Qc7 15. Rc1 Ne7 16. Rf2 Bxe2 17. Qxe2 c4 18. g4 h5 19. f5 hxg4 20. fxe6 gxf3 21. exd7+ Qxd7 22. Qxf3 Rf8 23. Bg5 0-0-0 24. b3 b5 25. a4 Rh8 26. axb5 Rh5 27. Bf4 Rh3 28. Bg3 cxb3 29. Bd3 Nf5 30. Bxf5 gxf5 31. c4 Bh6 32. e6 fxe6 33. Rc3 Kb7 34. Kg2 f4 35. Kxh3 e5+ 36. Kg2 e4 37. Qh5 fxg3 38. Rf7 b2 39. Qxd5+ Kb8 40. Qe5+ Qd6 41. Qxd6+ Rxd6 42. Rxg3 Rd8 43. Rb3 Bc1 44. b6 a5 45. c5 Rg8+ 46. Kf1 a4 47. Rb5 Be3 48. Rxb2 Bxd4 49. Rg2 Rxg2 50. Kxg2 Bxc5 51. Ra7 a3 52. h3 Bxb6 53. Rxa3 Kc7 54. Ra4 e3 55. Re4 Kd6 56. Kf3 Kd5 57. h4 Bd8 58. Kxe3 Bf6 59. Kf3 Be5 60. h5 Ke6 61. Kg4 Kf6 62. Rxe5 Kxe5 63. Kg5 Ke6 64. Kg6 Ke7 65. Kg7 Ke6 66. h6 Kd5 1-0

[Event "JAM-ch"]
[Site "Kingston"]
[Date "2013.05.11"]
[Round "8"]
[White "Myers, Peter"]
[Black "Wilson, Brandon"]
[Result "1/2-1/2"]
[WhiteElo "1995"]
[BlackElo "2072"]
[PlyCount "145"]
[EventDate "2013.04.26"]
[EventType "tourn"]
[EventRounds "9"]
[EventCountry "JAM"]
[SourceTitle "CBM 154 Extra"]
[Source "ChessBase"]
[SourceDate "2013.06.25"]
[SourceVersion "2"]
[SourceVersionDate "2013.06.25"]
[SourceQuality "1"]

1. d4 Nf6 2. c4 c5 3. Nf3 cxd4 4. Nxd4 Nc6 5. Nxc6 bxc6 6. e3 g6 7. Nc3 Bg7 8. Be2 0-0 9. 0-0 d5 10. Bf3 Ba6 11. Qa4 Bxc4 12. Rd1 Qb6 13. e4 Bb5 14. Qb3 Bc4 15. Qc2 e6 16. Be3 Qb7 17. Rac1 Rfc8 18. b3 Ba6 19. Na4 Nd7 20. Qd2 Bb5 21. Nc3 Ne5 22. Be2 Bxe2 23. Qxe2 Nd7 24. Na4 Qb5 25. Qd2 Nf6 26. Nc3 Qb4 27. Bd4 Nd7 28. Nxd5 Qxd2 29. Ne7+ Kf8 30. Bxg7+ Kxe7 31. Rxd2 f6 32. Bh6 g5 33. f4 gxf4 34. Bxf4 e5 35. Be3 a5 36. Rc3 c5 37. Rdc2 Kd6 38. Rd3+ Ke7 39. Rd5 a4 40. Bxc5+ Rxc5 41. Rdxc5 axb3 42. axb3 Nxc5 43. Rxc5 Kd6 44. Rc4 Ra2 45. Ra4 Rb2 46. Ra6+ Kc5 47. Rxf6 Rxb3 48. Rf3 Rb1+ 49. Kf2 Kd4 50. Rf7 Kxe4 51. Rxh7 Rb2+ 52. Kg3 Ke3 53. h4 Rb8 54. Rg7 e4 55. h5 Rb6 56. Rg6 Rb5 57. h6 Rh5 58. Kg4 Rh1 59. Kf5 Rh5+ 60. Kg4 Rh1 61. Kg5 Kf2 62. g4 e3 63. Re6 Rh3 64. Kg6 e2 65. Rxe2+ Kxe2 66. g5 Kf3 67. Kh7 Kg4 68. g6 Kg5 69. g7 Rxh6+ 70. Kg8 Rg6 71. Kh8 Rh6+ 72. Kg8 Ra6 73. Kh8 1/2-1/2

[Event "JAM-ch"]
[Site "Kingston"]
[Date "2013.05.01"]
[Round "4"]
[White "Wilson, Brandon"]
[Black "Lorne, Ras Malaku"]
[Result "1-0"]
[WhiteElo "2072"]
[BlackElo "2091"]
[PlyCount "87"]
[EventDate "2013.04.26"]
[EventType "tourn"]
[EventRounds "9"]
[EventCountry "JAM"]
[SourceTitle "CBM 154 Extra"]
[Source "ChessBase"]
[SourceDate "2013.06.25"]
[SourceVersion "2"]
[SourceVersionDate "2013.06.25"]
[SourceQuality "1"]

1. e4 d5 2. exd5 Qxd5 3. Nc3 Qd6 4. d4 Nf6 5. Bc4 a6 6. Nge2 b5 7. Bb3 Bb7 8. Bf4 Qb6 9. 0-0 Nbd7 10. Re1 Rd8 11. Ng3 c5 12. dxc5 Nxc5 13. Qe2 Nxb3 14. cxb3 e6 15. Nf5 Qc6 16. f3 Bc5+ 17. Kh1 Nh5 18. Qe5 Nxf4 19. Nxg7+ Kf8 20. Qxf4 e5 21. Qg5 Be7 22. Qxe5 Bf6 23. Ne6+ Qxe6 24. Qxe6 fxe6 25. Rxe6 Kf7 26. Rb6 Rd7 27. Ne4 Bd4 28. Rxb7 Rxb7 29. Nd6+ Ke6 30. Nxb7 Rc8 31. b4 Bxb2 32. Rd1 Bd4 33. g3 Ke5 34. f4+ Kd5 35. Nc5 Kc4 36. Nxa6 Bc3 37. Rd7 Rc6 38. Rc7 Rxc7 39. Nxc7 Bxb4 40. f5 Bc3 41. g4 b4 42. g5 Kc5 43. g6 hxg6 44. fxg6 1-0

[Event "St Jago Elite op"]
[Site "Spanish Town"]
[Date "2011.07.02"]
[Round "2"]
[White "Brooks, Paul"]
[Black "Wilson, Brandon"]
[Result "1-0"]
[WhiteElo "1928"]
[BlackElo "2114"]
[PlyCount "47"]
[EventDate "2011.07.02"]
[EventType "swiss"]
[EventRounds "4"]
[EventCountry "JAM"]
[SourceTitle "EXT 2013"]
[Source "ChessBase"]
[SourceDate "2012.11.22"]
[SourceVersion "1"]
[SourceVersionDate "2012.11.22"]
[SourceQuality "1"]

1. d4 Nf6 2. Nf3 c5 3. e3 e6 4. Bd3 Nc6 5. c3 b6 6. Nbd2 Bb7 7. Qe2 Be7 8. 0-0 Qc7 9. dxc5 bxc5 10. Re1 d5 11. e4 dxe4 12. Nxe4 0-0 13. Nfg5 h6 14. Nxf6+ Bxf6 15. Nh7 Be5 16. f4 Rfd8 17. fxe5 Rxd3 18. Qxd3 Rd8 19. Nf6+ gxf6 20. Qg3+ Kh7 21. Qh4 Nxe5 22. Qxh6+ Kg8 23. Qxf6 Qc6 24. Qxd8+ 1-0

[Event "JAM-ch"]
[Site "Kingston"]
[Date "2010.04.17"]
[Round "6"]
[White "Pitterson, Jomo"]
[Black "Wilson, Brandon"]
[Result "1-0"]
[WhiteElo "2241"]
[BlackElo "2092"]
[PlyCount "67"]
[EventDate "2010.04.09"]
[EventType "tourn"]
[EventRounds "11"]
[EventCountry "JAM"]
[SourceTitle "EXT 2013"]
[Source "ChessBase"]
[SourceDate "2012.11.22"]
[SourceVersion "1"]
[SourceVersionDate "2012.11.22"]
[SourceQuality "1"]

1. d4 Nf6 2. c4 c5 3. d5 b5 4. cxb5 a6 5. e3 g6 6. Nc3 Bg7 7. Nf3 0-0 8. a4 d6 9. Be2 axb5 10. Bxb5 Ba6 11. 0-0 Bxb5 12. Nxb5 Na6 13. Re1 Nc7 14. Nc3 Qb8 15. e4 Qb7 16. Rb1 Rfb8 17. b3 Nd7 18. Qc2 Ne5 19. Nxe5 Bxe5 20. Bh6 Ra6 21. h4 Rb6 22. h5 Bg7 23. Bxg7 Kxg7 24. e5 dxe5 25. Rxe5 e6 26. Rd1 Rxb3 27. d6 Nd5 28. Nxd5 exd5 29. Rexd5 Qd7 30. Rxc5 Qxa4 31. d7 Rd8 32. Rc8 Ra3 33. Qxa4 Rxa4 34. Rxd8 1-0

[Event "JAM-ch"]
[Site "Kingston"]
[Date "2009.07.11"]
[Round "6"]
[White "Wilkinson, Ian"]
[Black "Wilson, Brandon"]
[Result "0-1"]
[WhiteElo "1942"]
[BlackElo "2109"]
[PlyCount "132"]
[EventDate "2009.07.03"]
[EventType "tourn"]
[EventRounds "11"]
[EventCountry "JAM"]
[SourceTitle "EXT 2023"]
[Source "ChessBase"]
[SourceDate "2022.10.05"]
[SourceVersion "1"]
[SourceVersionDate "2022.10.05"]
[SourceQuality "1"]

1. e4 c5 2. Nf3 Nc6 3. d4 cxd4 4. Nxd4 g6 5. Nc3 Bg7 6. Be3 Nf6 7. Nxc6 bxc6 8. Bc4 Qa5 9. Bd3 Qb4 10. Qd2 Ng4 11. Nd1 Qxd2+ 12. Bxd2 0-0 13. h3 Ne5 14. Be2 d5 15. exd5 cxd5 16. Bb4 Nc6 17. Bc5 Re8 18. Bb5 Bd7 19. 0-0 a6 20. Ba4 Ne5 21. Bb3 e6 22. Ne3 Nc4 23. Bxc4 dxc4 24. c3 Rec8 25. Ba3 Bc6 26. f3 Bh6 27. Kf2 Bb5 28. Rfd1 Ba4 29. Rd4 e5 30. Rd5 Bg7 31. Ra5 Bb5 32. Nd5 Rd8 33. Rd1 Kh8 34. Ke2 Rd7 35. Nb6 Rxd1 36. Nxa8 Ra1 37. Nc7 Bd7 38. Rxa6 h5 39. Ra8+ Kh7 40. Bc5 Bf5 41. Ne8 Bd3+ 42. Kf2 h4 43. Nxg7 Rf1+ 44. Ke3 Re1+ 45. Kf2 Rf1+ 46. Ke3 Re1+ 47. Kd2 Re2+ 48. Kd1 Kxg7 49. b4 Rxg2 50. b5 Be2+ 51. Ke1 Bxf3 52. Ra7 g5 53. b6 Rb2 54. a4 g4 55. hxg4 h3 56. Bg1 h2 57. Bxh2 Rxh2 58. a5 Rb2 59. Rc7 e4 60. Re7 Kf6 61. Re8 Kg5 62. Kf1 Kf4 63. Re7 e3 64. Rxf7+ Kg3 65. Rxf3+ Kxf3 66. Kg1 e2 0-1

[Event "JAM-ch"]
[Site "Kingston"]
[Date "2009.07.10"]
[Round "5"]
[White "Wilson, Brandon"]
[Black "James, Stuart"]
[Result "0-1"]
[WhiteElo "2109"]
[BlackElo "1951"]
[PlyCount "188"]
[EventDate "2009.07.03"]
[EventType "tourn"]
[EventRounds "11"]
[EventCountry "JAM"]
[SourceTitle "EXT 2023"]
[Source "ChessBase"]
[SourceDate "2022.10.05"]
[SourceVersion "1"]
[SourceVersionDate "2022.10.05"]
[SourceQuality "1"]

1. e4 e5 2. Nf3 Nc6 3. Bb5 f5 4. d3 fxe4 5. dxe4 Nf6 6. 0-0 Bc5 7. Bg5 Nd4 8. Nxd4 Bxd4 9. c3 Bb6 10. Qb3 c6 11. Bc4 Qe7 12. Nd2 d6 13. Kh1 h6 14. Bh4 Bc5 15. a4 g5 16. Bg3 a5 17. Rae1 h5 18. f3 h4 19. Bf2 Bxf2 20. Rxf2 Nh5 21. Nf1 Nf4 22. Ne3 Qc7 23. Rd2 Rh6 24. Red1 Bd7 25. Qa3 c5 26. Bb5 Bxb5 27. axb5 0-0-0 28. b4 b6 29. bxa5 bxa5 30. Ra1 Kb7 31. Qxa5 Qxa5 32. Rxa5 Rhh8 33. Rda2 Ra8 34. Nc4 Rxa5 35. Rxa5 d5 36. exd5 Nxd5 37. b6 Nxb6 38. Rxc5 Rd8 39. h3 Nxc4 40. Rxc4 Kb6 41. Rg4 Rg8 42. Kg1 Kc5 43. Kf2 Kd5 44. Ke3 Ke6 45. Ra4 Kf5 46. Ra2 Rb8 47. Rc2 Rb3 48. Kd3 Kf4 49. Kc4 Rb8 50. Kd5 Rd8+ 51. Ke6 Re8+ 52. Kd7 Rh8 53. c4 Rh7+ 54. Kd6 e4 55. fxe4 Kxe4 56. c5 Rh6+ 57. Ke7 Ke5 58. c6 Rh7+ 59. Kf8 Kf6 60. Kg8 Rg7+ 61. Kf8 Rh7 62. Rf2+ Ke6 63. Rf3 Rc7 64. Rc3 Rf7+ 65. Kg8 Rc7 66. Rc5 Kf6 67. Rc2 Rg7+ 68. Kf8 Rh7 69. Rf2+ Ke6 70. Kg8 Rc7 71. Re2+ Kf6 72. Rc2 Rg7+ 73. Kf8 Rh7 74. Ke8 Ke6 75. Re2+ Kd6 76. Kf8 Rc7 77. Rc2 Ke5 78. Rc5+ Kf6 79. Ke8 Ke6 80. Kd8 Rg7 81. Rc1 Kd6 82. Kc8 Rc7+ 83. Kd8 Rg7 84. Ke8 Ke6 85. Re1+ Kd6 86. Kf8 Rc7 87. Rc1 Ke6 88. Rc5 Kf6 89. Ke8 Ke6 90. Kd8 Rg7 91. Ra5 Kd6 92. Ke8 Ke6 93. Kf8 Rc7 94. Rxg5 Kf6 0-1

[Event "JAM-ch"]
[Site "Kingston"]
[Date "2009.07.05"]
[Round "3"]
[White "Wilson, Brandon"]
[Black "Davy, Damion"]
[Result "1/2-1/2"]
[WhiteElo "2109"]
[BlackElo "1988"]
[PlyCount "55"]
[EventDate "2009.07.03"]
[EventType "tourn"]
[EventRounds "11"]
[EventCountry "JAM"]
[SourceTitle "EXT 2023"]
[Source "ChessBase"]
[SourceDate "2022.10.05"]
[SourceVersion "1"]
[SourceVersionDate "2022.10.05"]
[SourceQuality "1"]

1. e4 c5 2. Nf3 Nc6 3. d4 cxd4 4. Nxd4 Nf6 5. Nc3 e5 6. Ndb5 d6 7. Bg5 a6 8. Na3 b5 9. Bxf6 gxf6 10. Nd5 Bg7 11. g3 0-0 12. Bg2 Rb8 13. 0-0 f5 14. exf5 Bxf5 15. c3 Be6 16. Nc2 f5 17. Nf4 exf4 18. Bxc6 fxg3 19. hxg3 f4 20. Bd5 Qf6 21. Nb4 Kh8 22. Qh5 a5 23. Rae1 Bf7 24. Bxf7 axb4 25. Bb3 bxc3 26. Re6 Qf5 27. Qxf5 Rxf5 28. bxc3 1/2-1/2

[Event "Kingston Unlimited Futures"]
[Site "Kingston"]
[Date "2009.02.25"]
[Round "3"]
[White "Byfield, Geoffrey"]
[Black "Wilson, Brandon"]
[Result "1/2-1/2"]
[WhiteElo "2139"]
[BlackElo "2097"]
[PlyCount "174"]
[EventDate "2009.02.21"]
[EventType "tourn"]
[EventRounds "7"]
[EventCountry "JAM"]
[SourceTitle "EXT 2023"]
[Source "ChessBase"]
[SourceDate "2022.10.05"]
[SourceVersion "1"]
[SourceVersionDate "2022.10.05"]
[SourceQuality "1"]

1. e4 c5 2. Nc3 Nc6 3. g3 g6 4. Nge2 Bg7 5. Bg2 Nf6 6. 0-0 0-0 7. d3 Rb8 8. f4 d6 9. h3 Nd4 10. Nxd4 cxd4 11. Ne2 e5 12. g4 h5 13. f5 hxg4 14. Bg5 gxh3 15. Bxh3 Qb6 16. Ng3 Nh7 17. Bd2 g5 18. Kg2 f6 19. Rh1 Rd8 20. Bg4 Bd7 21. Bh5 Be8 22. Bg6 Nf8 23. Qh5 Qc6 24. Bh7+ Nxh7 25. Qxh7+ Kf8 26. Rac1 Qd7 27. Rcf1 Rbc8 28. c4 dxc3 29. bxc3 d5 30. Bxg5 Bf7 31. Nh5 Bg8 32. Qg6 Qf7 33. Nxf6 dxe4 34. Nxg8 Rxd3 35. Qxf7+ Kxf7 36. Nh6+ Bxh6 37. Rxh6 Rcxc3 38. Rh5 Rc2+ 39. Kh1 e3 40. Re1 e2 41. Rh7+ Kg8 42. Rh2 Rd1 43. Bh4 Rxe1+ 44. Bxe1 Rxa2 45. Kg1 b5 46. Rh6 a5 47. Rb6 b4 48. Rb7 Ra3 49. Kf2 Rh3 50. Rb5 Rh5 51. Rxe5 Kf7 52. Rxa5 Kf6 53. Kxe2 Rxf5 54. Ra6+ Ke5 55. Bxb4 Ke4 56. Ra4 Rd5 57. Bc3+ Kf5 58. Ke3 Rb5 59. Rf4+ Ke6 60. Ke4 Rh5 61. Rf6+ Ke7 62. Be5 Rh1 63. Rg6 Kf7 64. Ra6 Re1+ 65. Kf5 Rf1+ 66. Bf4 Re1 67. Ra7+ Re7 68. Ra6 Re1 69. Rf6+ Ke7 70. Rc6 Kf7 71. Rc2 Re7 72. Be5 Re6 73. Rh2 Ra6 74. Rh7+ Kg8 75. Rg7+ Kf8 76. Rb7 Ke8 77. Rh7 Kd8 78. Ke4 Ke8 79. Kd5 Rg6 80. Bd6 Rg5+ 81. Be5 Rg6 82. Bd6 Rg5+ 83. Kc6 Rg6 84. Ra7 Re6 85. Rh7 Rg6 86. Re7+ Kf8 87. Rh7+ Ke8 1/2-1/2

[Event "Kingston Unlimited Futures"]
[Site "Kingston"]
[Date "2009.02.21"]
[Round "2"]
[White "Wilson, Brandon"]
[Black "Gayle, Humphrey"]
[Result "1-0"]
[WhiteElo "2097"]
[BlackElo "2111"]
[PlyCount "113"]
[EventDate "2009.02.21"]
[EventType "tourn"]
[EventRounds "7"]
[EventCountry "JAM"]
[SourceTitle "EXT 2023"]
[Source "ChessBase"]
[SourceDate "2022.10.05"]
[SourceVersion "1"]
[SourceVersionDate "2022.10.05"]
[SourceQuality "1"]

1. e4 e5 2. Nf3 d6 3. Bc4 Be7 4. d3 Nf6 5. Nc3 c6 6. Bb3 Bg4 7. h3 Bh5 8. g4 Bg6 9. Ne2 Na6 10. Be3 Nd7 11. Ng3 Nac5 12. Qd2 a5 13. c3 b5 14. Bc2 Ne6 15. Nf5 a4 16. Rd1 c5 17. d4 cxd4 18. cxd4 Bxf5 19. gxf5 Nxd4 20. Nxd4 exd4 21. Bxd4 0-0 22. Rg1 Ne5 23. Qe2 Qa5+ 24. Kf1 b4 25. f4 Bf6 26. fxe5 dxe5 27. Bf2 Qc7 28. Bd3 Rfd8 29. Kg2 Kh8 30. Bc4 Bg5 31. Rxd8+ Rxd8 32. Bd5 Bf4 33. Be3 Bxe3 34. Qxe3 Qc2+ 35. Qf2 Qd3 36. Rc1 f6 37. Kh2 h6 38. Rc7 Rxd5 39. exd5 Qxd5 40. Qg2 Qg8 41. Qc6 Qxa2 42. Qe8+ Qg8 43. Qxg8+ Kxg8 44. Kg2 a3 45. bxa3 bxa3 46. h4 h5 47. Kf3 Kh7 48. Ke4 Kh6 49. Ra7 g5 50. fxg6 Kxg6 51. Rxa3 Kf7 52. Kf5 e4 53. Ra7+ Kg8 54. Kxf6 e3 55. Re7 e2 56. Rxe2 Kh7 57. Re8 1-0